000 01128nab a2200241 4500
003 AR-RoBPED
005 20260409092906.0
008 260409b |||||||| |||| 00| 0 spa d
040 _aAR-RoBPED
041 _aspa
100 1 _aOrtega, Roxana
_930733
_eProfesora de Enseñanza Primaria
245 1 _aEducadores y familias.
_bExpectativas y demandas cruzadas en escuelas públicas de nivel primario /
260 _aBuenos Aires :
_bNoveduc,
_c2025
300 _a62-63 p.
500 _aLa relación entre docentes y familias es fundamental para el desarrollo y bienestar de los y las estudiantes. Sin embargo, esta relación no está exenta de tensiones y emergencias, que surgen a partir de las expectativas y demandas cruzadas de ambos actores.
650 7 _aRELACION DOCENTE-PADRES
_9717
650 7 _aNIVEL PRIMARIO
_918876
650 7 _aCOMUNICACION
_919192
650 7 _aRELACION ESCUELA-FAMILIA
_91119
773 0 _020414
_941867
_dBuenos Aires : Noveduc, 1993-
_tNovedades Educativas
_w(AR-RoBPED)20414
_x03283534
942 _2udc
_cREV
_h37(05)
_mNov 86 N° 400 (Febr.2025)
_ak.32537
945 _amar 04/2026
999 _c32537
_d32537